000
00245 a2200109 4500
001
63239
082
_a
941.0850924WAY
090
_c
37303
_d
37303
100
_a
Wyutt W
245
_a
Confessions of an optimist
260
_a
London
_b
Collins
942
_a
NUST-CAE
_k
941.0850924WAY
999
_c
298312
_d
298312